|
|
|
|
| LEADER |
00000nam a2200000 a 4500 |
| 001 |
vtls001371187 |
| 003 |
SK-MaSNL |
| 005 |
20260301201318.0 |
| 008 |
240318s1984 xo 0 und |
| 035 |
|
|
|a SNK000324989
|
| 040 |
|
|
|a SNK
|b slo
|c SNK
|e AACR2
|
| 044 |
|
|
|a xo
|c SK
|
| 100 |
1 |
|
|a Carroll, Lewis,
|d 1832-1898
|4 aut
|9 93798
|
| 245 |
1 |
0 |
|a Alice im Wunderland und im Land hinter dem Spiegel
|
| 260 |
|
|
|a Bratislava
|b Mladé letá
|c 1984
|
| 300 |
|
|
|a 240 s.
|
| 958 |
|
|
|a OND
|
| 999 |
|
|
|c 894232
|d 896162
|
| 952 |
|
|
|a SNK
|b SNK
|y PREZ
|7 0
|p 17A0791160
|o snkSB 38438
|0 0
|1 0
|4 0
|d 2012-05-23
|l 0
|r 2025-04-23 00:00:00
|w 2026-02-24
|
| 952 |
|
|
|t P60, <05>, [BOOK], {605}
|a SNK
|b SNK
|y PREZ
|7 0
|p 17A0207378
|o snkSB 38438 D1
|0 0
|1 0
|4 0
|d 1999-08-31
|l 0
|r 2005-01-02 00:00:00
|w 2026-02-24
|